| 000 | 00745cam a22002414a 4500 | ||
|---|---|---|---|
| 001 | 14484708 | ||
| 005 | 20180314060652.0 | ||
| 008 | 060807s2007 njua 001 0 eng c | ||
| 010 | _a 2006297213 | ||
| 020 | _a0132222124 | ||
| 035 | _a(OCoLC)ocm70139557 | ||
| 040 |
_aCOO _cCOO _dDLC |
||
| 041 | _aeng | ||
| 042 | _apcc | ||
| 080 | _a658 | ||
| 100 | _a54 | ||
| 101 | _aman | ||
| 245 | 0 | 0 |
_aHuman resources management and supervision : _cNational Restaurant Association, Educational Foundation. |
| 246 | 1 |
_iAt head of title: _aNRAEF ManageFirst |
|
| 906 |
_a7 _bcbc _cpccadap _d2 _encip _f20 _gy-gencatlg |
||
| 942 |
_2ddc _cBK |
||
| 999 |
_c44996 _d44996 |
||